Shiʻism : Doctrines, thought, and spirituality /

محفوظ في:

مؤلفون آخرون: Nasr, Seyyed Hossein., Dabashi, Hamid, 1951-, Nasr, Seyyed Vali Reza, 1960-

التنسيق: كتاب

اللغة: English

منشور في: Albany : State University of New York Press, c1988.

الموضوعات:

الوسوم: إضافة وسم

لا توجد وسوم, كن أول من يضع وسما على هذه التسجيلة!

رقم الطلب: BP193.5 .S527 1988

LEADER 00904nam a2200277 a 4500
001 246
003 OSt
005 20251005093739.0
008 130303s1988 nyu b s001 0 eng d
010 |a 87010258 //r892 
020 |a 0887066895 
020 |a 0887066909 
035 |a rdb02231673 
040 |c ARCE Library 
050 4 |a BP193.5 .S527 1988 
245 0 0 |a Shiʻism :   |b Doctrines, thought, and spirituality /   |c edited, annotated, and with an introduction by Seyyed Hossein Nasr, Hamid Dabashi, Seyyed Vali Reza Nasr. 
264 1 |a Albany :   |b State University of New York Press,   |c c1988. 
300 |a xviii, 401 pages ;   |c 24 cm. 
504 |a Includes bibliographical references and index. 
650 0 |a Shīʻah. 
700 1 |a Nasr, Seyyed Hossein. 
700 1 |a Dabashi, Hamid,  |d 1951-  |9 28523 
700 1 |a Nasr, Seyyed Vali Reza,  |d 1960- 
901 |a reviewed 
942 |c BK  |2 lcc 
999 |c 428  |d 428